00889cam a22002531 450000100060000000300080000600500170001400800390003103500190007003500200008904000290010904100080013808200200014610000400016624500700020626000490027630000340032550400410035950400200040065000470042094200120046799900170047995201390049631505BD-RjUL20211209051717.0140420s1927 nyua b 001 0 eng a(BD-RjUL)31593 a(OCoLC)12281678 aDLCcTxSmSdBD-RjULbeng aeng a151.2bPII 19271 aPintner, Rudolf,d1884-1942.99589310aIntelligence testing :bmethods and results /cby Rudolf Pintner. aLondon :bUniversity of London Press,c1927. avii, 406 p. :bill. ;c19 cm. a"References" at end of each chapter. aIncludes index. 0aEducational tests and measurements.995894 2ddccBK c31505d31505 00102ddc40718NFICaRUCLbRUCLcReadingd1956-05-26eProf. Zaidig3.15l0o151.2 PII 1927r2014-04-20 00:00:00tC-1w2014-04-20yBK